00819nam a2200193 a 450000100100000000500170001000800410002702000150006804000250008324501830010826000630029130000230035470000290037770000310040670000310043770000350046895201050050399900170060800003884820201002031408.0130430s1997 mx 000 0 spa d a9686502300 aDO-SdBNPbspacBNPHU00aSituación de las mujeres y el VIH/SIDA en América Latina :buna agenda de investigación-acción /cBlanca Rico, Susan Vandale, Betania Allen y Ana Luisa Liguori, editoras. aMéxico :bInstituto Nacional de Salud Pública ,c1997. a188 p. : ;c22 cm.1 aRico, Blancaeed.9527081 aVandale, Susaneed.9651311 aAllen, Betaniaeed.9651321 aLiguori, Ana Luisaeed.965133 001050718MOaPDbPDcCTd2013-04-30iLF1l0o p38848-10r2020-06-25w2020-06-25y1ZNo se presta c38338d38338